LEADER 00814nam a2200193 i 4500 001 000000012567 003 CaOOAMICUS 005 20180830125441.0 008 180830s1966 it u000 u ita u 040 $aSeMil$bita 100 1 $aDi Agresti, Guglielmo.$0(OLS)http://semarc/name/5987 245 10$aSanta Caterina de' Ricci /$cP. Guglielmo M. Di Agresti O. P. 260 $aFirenze :$bLeo S. Olschki,$c1966-1979. 300 $a2 v. ;$c26 cm. 600 04$aCaterina : de' Ricci .$0(OLS)http://semarc/subject/2073 773 0 $tCollana ricciana. Fonti.$dFirenze : Leo S. Olschki, [196?]$w()12568 774 0 $aAlessi, Niccolò$tLibellus de gestis.$w()13063 996 $6245$aSanta Caterina de' Ricci$9(OLS)http://semarc/title/16715 996 $6260$aFirenze :$bLeo S. Olschki$9(OLS)http://semarc/publisher/29957 LEADER 00730nam a2200193 i 4500 001 000000181147 003 CaOOAMICUS 005 20230907163742.0 008 090821s1960 it u000 u ita u 040 $aSeMil$bita 245 10$aVol. 2. 300 $a322 p. ;$c18 cm 773 0 $aEmmerick, Anna Katharina $tRivelazioni di Caterina Emmerich.$dSiena : Cantagalli, 1960-1961.$kClassici cristiani$w()21894 850 $aSeMil 852 $aSeMil$W1$xVenegono$y1$m74 1 175 *$j50274$B50274$CSeMilBibl$Z2$F54218 $81 852 $aSeMil$W1$xVenegono$y1$m2S I 471$j131895$B131895$CSeMilBibl$Z2$F143707 $81 961 $aOmaggio: Altro 996 $6245$aVol. 2$9(OLS)http://semarc/title/13458